[Event "Bilbao"]
[Site "Bilbao"]
[Date "1987.??.??"]
[Round "?"]
[White "Andersson, Ulf"]
[Black "Sokolov, Andrei"]
[Result "1-0"]
[WhiteElo "2600"]
[BlackElo "2645"]
[EventDate "1987.06.??"]
[PlyCount "112"]
[EventType "tourn"]
[EventRounds "9"]
[EventCountry "ESP"]
[EventCategory "12"]
[Source "ChessBase"]
[SourceDate "1988.04.01"]
[WhiteTeamCountry "YUG"]
[BlackTeamCountry "CSR"]

1. Nf3 Nf6 2. c4 b6 3. g3 c5 4. Bg2 Bb7 5. O-O e6 6. Nc3 d6 7. b3 {
Andersson casto pouziva toto pruzne usporadani. Neni jasne zda vyvine 
strelcez c1 na b2 nbo pozdeji po otevreni sloupce d tahem d4 na a3.} 
7. ... Nbd7 8. Bb2 Be7 9. d4 cxd4 10. Nxd4 {Po vymene blopolnych strelcu  
je pole c6 citelne oslabeno. Bily by rad vymenil damy pozdeji na poli f3, 
tak muze vyuzit mirnou vyhodu v prostoru do koncovky. } 10. ... Bxg2 11. 
Kxg2 Qc7 12. e3 {Bily hraje 12.e3 aby po 12...Qb7 mohl vymenit damiy na 
f3. Potrom bily muze zdvojit veze na sloupci d, vyvinout nebezpecny tlak 
na zpozdeneho pesce d6. Ve spojeni se slabym polem c6, je tezky obranny 
ukol pro cerneho . V systemu Jezek  je vymena dam obecne dobra pro bileho.
} 12. ... a6 D 13. f4 {Bily pripravuje 14.Qf3 a potom g4-g5, s vyhodou v 
prostoru a utocnymi sancemi na kralovskem kridle. } 13. ... O-O 14. Qf3 
Rac8 15. g4 {Postup g4-g5 je tady mozny na rozdil od mnoha Sicilskych, 
protoze 15...d5 ztraci pesce a 15..e5 vyznamne oslabuje centralni pole d5 
a f5. } 15. ... Nc5 16. g5 Nfd7 17. Rad1 {BIly ovlada pole d3 a pripravuje
zdvojeni vezi, aby vyvinul tlak na pesce d6. } 17. ... Rfe8 18. h4 Bf8 19.
 Rd2 Nb8 {Cerny se pokousi dostat z tezjke situace pomoci vymen na c6. } 
20. Rfd1 Nc6 21. Nxc6 Qxc6 22. Qxc6 Rxc6 D {Cerny ma opozdeneho pesce d6 
ale jinak zadne slabiny ktere by staly za zminku. Najdete zpusob ziskat 
trvalou vyhodu!} 23. Ba3! {Bily miri ke strategicke vymene strelce za 
jezdce. Potom po 24...dxc5 bily ziska kompletni kontrolu d-sloupce nebo po
24..bxc5  muze upevnit pesce d6 jako cil pomoci Ne4 - jak se stane v 
partii. 24...Rxc5 neni mozne ,  jelikoz 25.Ne4 ziska pesce d6. } 23. ... 
Be7 24. Bxc5 bxc5 25. Ne4 {Bily ma pozici dobre v ruce. Jeho ukol je nyni 
vytvorit druhou slabinu. } 25. ... Rd8 26. Kf3 Kf8 {Jak pokracujete aby se
vyvolala druha slabina?} 27. Kg4! {Nyni bily hrozi f4-f5 nasledovano f5-f6
nebo prevest veze na sloupec f a utocit na f7. Po vymene na f5, cerny 
ustoupi mimoradne dulezite pole d5. } 27. ... Ke8 28. f5 exf5+ 29. Kxf5 
Kf8 30. Kg4 Ke8 {Bily ma velkou vyhodu v prostoru a navic cerny nema 
zadnou protihru stojici za rec. } 31. Rf1 Rd7 32. h5 {Cerny vzdy musi mit 
na mysli mozny bileho postup na h6 nebo g6. } 32. ... Bd8 33. Rfd1 {BIly 
manevruje s vezemi, jelikoz muze roznodnout mezi d6 a f7 jako body utoku. 
Mezitim cerny muze pouze demonstrovat jak je bezmocny. } 33. ... Be7 34. 
Nc3 {Nakonec je jezdec preveden an pole d5, ze ktereho panuje cele 
sachovnici. } 34. ... Rcc7 35. Nd5 Rb7 36. Rf1 Bd8 37. Rdf2 Kf8 D 38. g6 {
Po upevneni pole f7 jako bod utoku, cerny meni na lepsi koncovku lehkych 
figur.  Je mimoradne tezke zjistit zda cerny mohl dosahnout remizy pruznou
obranou. V konecne analyze je otazka vkusu zda vymenit tady veze nebo 
udrzovat tlak a nemenit figury. Stoji za uvahu pokracovani: } ( 38. h6 g6 
39. Rd1 {se zamerem Rfd2 a Nc3-e4 } 39. ... a5 40. Nc3 Be7 41. Rfd2 Rd8 
42. Ne4 a4 43. Nxc5 dxc5 44. Rxd8+ Bxd8 45. Rxd8+ Ke7 46. Rd3 axb3 47. 
axb3 +/- ) 38. ... h6 ( 38. ... hxg6 39. hxg6 Kg8 40. Kf5 +- ) 39. Rxf7+ 
Rxf7 40. Rxf7+ Rxf7 41. gxf7 Kxf7 42. Kf5 {Pesec h5 ochromue cerneho kral.
kridlo a jezdec je lepsi nez strelec. Strelec nenajde nic k utoku. Presto 
cesta k vyhre neni jednoducha jak se jevi na prvni pohled. } 42. ... Bh4 (
42. ... a5 43. Nc3 Bg5 44. Ne4 Bxe3 ( 44. ... Be7 45. a4 Bf8 46. Nc3 Be7 
47. Nb5 Bf8 48. Na7 +- ) 45. Nxd6+ Ke7 46. Nb7 Kd7 47. Ke4 Bd2 ( 47. ... 
Kc7 48. Kxe3 Kxb7 49. Ke4 +-- ) 48. Kd5 +-- ) 43. b4 cxb4 44. Nxb4 a5 45. 
Nd3 Bd8?! {Houzevnatejsi obrana je zde jiste:.} ( 45. ... a4 {branice tahu
a2-a4 s blokadou pesce a5: } 46. Nb2 a3 47. Nd3 Bd8 48. e4 Bg5 49. Nb4 Bf6
50. Nc6 Bc3 51. e5 dxe5 52. Nxe5+ Ke7 53. c5 Bb2 54. Ke4 Ke6 55. Nc6 {a 
potom Nd4+ a Kd5+-} ) 46. e4 Bb6 47. a4 Ke7 48. Nf4 Bd4 49. Ne6 Bc3 50. c5
dxc5 51. Nxc5 Kd6 52. Nd3 Ba1 53. e5+ D Kd5 ( {Po} 53. ... Ke7 {Bily muze 
mit jasnou pozicni vyhodu, ale nemohli jsme najit vynucenou vyhru v 
analyze. } 54. Kg6 ( 54. Nf4 Kf7 55. Ng6 Bc3 56. e6+ Ke8 57. Ke4 Bd2 58. 
Kd5 Bc3 59. Ne5 Kd8 60. Nc6+ Kc7! ( 60. ... Ke8? 61. Kd6 Bd2 62. e7 Bg5 
63. Ke6 Bf6 64. Nxa5 Bxe7 65. Nc6 +- ) 61. Ne7 Bf6 62. Nf5 += {Nevede k 
vyhre bileho. } ) 54. ... Kf8 55. Nc5 Ke7 56. Kxg7 Bxe5+ 57. Kxh6 Kf7 58. 
Kh7 Bc7! +/- ( 58. ... Bc3? 59. Nb7 Bb4 60. h6 Bc3 61. Nd6+ Kf8 62. Kg6 +-
) ) 54. Nf4+ Kc4?! ( 54. ... Kc6 55. Ke6 Kc5 56. Ng6 ( 56. Kf7 Bxe5 57. 
Nd3+ Kd6 58. Nxe5 Kxe5 59. Kxg7 Kf5 60. Kxh6 Kf6 61. Kh7 Kf7 62. h6 Kf8 
63. Kg6 Kg8 64. Kf6 Kh7 = ) 56. ... Kb4 57. Kf7 Kxa4 58. Kxg7 Kb3 59. Kxh6
a4 60. Kg5 a3 61. h6 a2 62. h7 Bc3 63. h8=Q a1=Q +/- ) 55. e6 Bf6 56. Ng6 
Kc5 ( 56. ... Kb4 57. e7 Bxe7 58. Nxe7 Kxa4 59. Nc6 Kb5 60. Nxa5 +-- ) 1-0

[Event "Haninge"]
[Site "Haninge SWE"]
[Date "1990.??.??"]
[Round "11"]
[White "Wojtkiewicz, Aleksander"]
[Black "Andersson, Ulf"]
[Result "0-1"]
[WhiteElo "2550"]
[BlackElo "2630"]
[EventDate "1990.05.??"]
[Annotator "Ribli"]
[EventType "tourn"]
[EventRounds "11"]
[EventCountry "SWE"]
[EventCategory "14"]
[Source "ChessBase"]
[SourceDate "2004.01.01"]
[WhiteTeamCountry "YUG"]
[BlackTeamCountry "YUG"]

1. Nf3 c5 2. c4 g6 3. g3 Bg7 4. Bg2 Nc6 5. Nc3 d6 6. a3 Qd7!? {Idea za 
timto divnym tahem je harmonicky vyvin damskeho kridla ... b6 a Bb7} 7. 
O-O {7.Rb1, b6 8.b4, Bb7} 7. ... b6 8. e3 {/\ d4 Bily by rad otevrel 
pozici v centru d4 a cerneho reakce na toto je originalni kdyz vymeni 
dobreho strelce za jezdce. } 8. ... Bxc3!? D {Cerny se dobrovolne vzdal 
dvojice strelcu a potom se pokousi omezit mobilitu cernopolneho strelce. 
\Vysledek je bojovna a komplikovana struktura stredni hry ve ktere bila 
dvojice  strelcu nemuze demonstrovat svoji silu. } 9. bxc3 Bb7 10. e4 
O-O-O!? {Jelikoz cernopolny strelec byl vymenen, kral je bezpecnejsi na 
damskem kridle nez na kralovskem. } 11. d3 {11.d4 ma svoji stinnou 
stranku, jelikoz pesec c4 se stava velmi slaby po ... Na5 } 11. ... h6 {
Toto prekryva pole g5 a pripravuje mozna budouci ... g5. } 12. Re1 e5 {
Cerny zavira centrum. Zde muzeme videt ze dvojice strelcu vyzaduje 
otevrenou pescovou strukturu a by vyvinula svuj potencial. V nasi partii 
cerna pescova masa prekazi bilym strelcum. } 13. Nd2 {BIly planuje Nb3 a 
pak a4-a5. } 13. ... Nge7 14. Nb3 Kc7 15. a4 a5! D {Ovsem cerny musi 
branit 16.a5, otevreni linii a utoceni na damskem kridle.. } 16. d4 {
Zajimavy pozicni manevr pro bileho je Rb1 a potom Nd2-f1-e3 s kontrolou 
duleziteho centralniho pole d5. } 16. ... g5 {Toto pripravuje ... Ng6} 17.
 d5 Na7 18. Nd2 {Bily ma velkou vyhodu v prostoru, ale cerny ma pouze 
jeden slaby bod, pesce b6, ktery muze vsak byt spolehlive chranen. } 
18. ... Ba6 {Cerny musi byt v pozici  schopen chranit b6 pomoci ... Rb8. }
19. Qh5 Rdf8 20. Bf1 {Je  obtizne pro bileho vyvinout  konstruktivni plan.
20.Bf1 je namireno uvolnit jezdce na d2 od ochrany pesce c4. } 20. ... Bc8
{Cerny nyni chce prevzit iniciativu pakou ... f5. } 21. Bd3 f5! D {Obtizne
rozhodnuti. TIm cerny uvolnuje silne pole e4 pro bileho jezdce. Mohl by 
take mirit do bezpecne remiza 21...Qg4, ale Andersson sazi na utocne sance
na kralovskem kridle. } 22. exf5 Nxf5 23. Ne4 {BIly by mohl obsadit pole 
e4, ale pozice je staticka a neutoci zadny slaby bod v cernem tabore, 
zatimco cerny bude pozdeji mit moznost zahnat bilou damu tahem...Bd7-e8 a 
pomalu mobiliovat sve pesce. Je zajimave vsimnout si ze v tomto bode 
dokonce silne sachove programy ukazuji jasnou vyhodu pro bileho jelikoz je
pro ne nemozne pochopit dlouhodoba preskupovani v uzavrenych strukturach. 
} 23. ... Qg7 24. Kh1? D {Bily prehliz okamzity tah 24..g4, po kterm se 
nachazi v problemech s damou a musi oslabit pozici tahem h3. Lepsi tah je 
24.Qe2 kdyz cerny take hraje 24...g4, s planem ... h5-h4 s iniciativou na 
kral. kridle. } 24. ... g4! {/\ Bd7,Be8} 25. h3 gxh3 26. Kh2 ( 26. Bf1 {je
lepsi. } ) 26. ... Ne7! {s planem Bg4} 27. Qd1 Bg4 28. Qb3 Nac8 {Nakonec 
problemovy jezdec a7 prichazi do hry. Cerny nyni ma vsechny trumfy: 
kontroluje pole f3 a extra pesec na h3 se neda podcenovat take. Cerny nema
protihru a bily strelec c1 nenasel ple kde by byl uzitecny. Cerneho 
strategie triumfovala. } 29. Ra2 Bf3 30. Be3 Nf5 31. Rb2 D Nxe3! {Cerny 
bere  cernopolneho strelce. Tlak proti f2 by mel rozhodnout partii. Dalsi 
idea je take pescovy nastup h5-h4. Okamzite 31...h5? 32.Ng5+- nelze 
doporucit.} ( 31. ... h5? 32. Ng5 +- ) 32. Rxe3 ( 32. fxe3 Rhg8 { 33. ... 
h5  34. ... h4 }) 32. ... Qd7 {Tento tah je namiren k zabraneni 33.Qb5 a 
soucasne brani pesce h } 33. Qb5?! {Vymena dm dela vyhru snadnejsi pro 
cerneho. Lepsi pokus je } ( 33. Bf1 Bg4 -/+ {a potom h5-h4 } ) 33. ... 
Qxb5 34. cxb5 Ne7 35. c4 {Toto rozhodne oslabuje pole d4, po cemz bily 
bude nucn menit na f5 v 37 tahu pro hrozbu .. Nf5-d4 } 35. ... Bg2 36. Nc3
Nf5 37. Bxf5 Rxf5 38. Ne4 Rhf8 39. Kg1 Bf3 {Jedina moznost hrat byla } 40.
 Rd2 ( 40. Kh2 Kd7 ( 40. ... Bxe4? 41. Rxe4 Rxf2+ 42. Rxf2 Rxf2+ 43. Kxh3 
Ra2 44. Kg4 ) 41. Nc3 Bg2 42. Nd1 h5 43. Rc3 h4 44. g4 Rf4 45. Ne3 Bf3 46.
 Kxh3 Rg8 --+ ) 40. ... h2+ {Bily dostane mat. } ( ) 41. Kxh2 ( 41. Kxh2 
Rh5+ 42. Kg1 Rh1# ) 0-1

[Event "Tilburg "]
[Site "Interpolis 6"]
[Date "1982.??.??"]
[Round "Boj proti Jezkovi "]
[White "Andersson, Ulf"]
[Black "Browne, Walter S"]
[Result "1-0"]
[WhiteElo "2605"]
[BlackElo "2585"]
[EventDate "1982.??.??"]
[Annotator "JvR"]
[PlyCount "144"]

1. Nf3 c5 2. c4 Nf6 3. g3 b6 4. Bg2 Bb7 5. O-O e6 6. Nc3 Be7 7. d4 cxd4 8.
 Qxd4 d6 9. Bg5 a6 10. Bxf6 Bxf6 11. Qf4 D Bxf3 {Tento zpusob vbymeny 
strelcu je nejlepsi zpusob pro cerneho dosahnout vyrovnani, jelikoz muze 
rychle vyvinout vez .. Ra7-c7/d7. Muze potom vyvijet tlak po sloupci c 
nebo cerny muze branit pesce d6  a pozdeji se vyvinout pomoci ... Qc7 a 
Nc6 } 12. Qxf3 ( {They played} 12. Bxf3 {in Brasilia 1981.} ) ( 12. exf3!?
Ra7 13. Rfd1 Be7 14. Qd4 O-O 15. f4 g6 16. h4 Nd7 17. Rac1 Qb8 18. Ne4 Rd8
19. h5 Rc7 20. b3 b5 21. h6 Bf8 22. c5 d5 23. c6 Qb6 24. Nf6+ Kh8 25. Qb2 
{1-0 Fominykh - Csom, Rimavska Sobota 1991} ) 12. ... Ra7 13. Rfd1 O-O 14.
 Rd2 Rd7 15. Rc1 {Bily ma minimalni vyhodu protoze cerny ma problem s 
vyvinem jezdce. } 15. ... Qc7 16. b3 Rc8 17. a4 {Dulezity profylakticky 
tah ktery cini typickou paku Jezka ... b5 obtizneji proveditelnou. } 
17. ... Nc6 ( 17. ... Bxc3 18. Rxc3 b5 19. axb5 axb5 20. Rcc2 += ) 18. 
Qxc6! {Na druhe strane tato vymena je vynucena protoze cerny hrozil... Na5
nebo ... Nb4 s vyrovnanou pozici, a jinak udrzuje mirnou vyhodu protoze po
vymenach je bily jezdec manevrovatelnejsi nez cerny strelec. } 18. ... 
Qxc6 19. Bxc6 Rxc6 {Andersson prave zacina.  BIly musi nyni tahnout 
jezdcem, protoze Bxc3 by vyrovnalo hru. Jaky manevr slibuje bilemu mirnou 
ale trvalou vyhodu? } 20. Na2! {Hrozi Nb4. } 20. ... a5 {Tento tah trvale 
oslabuje pole b5 a navic ztraci moznost paky ... b5. Jezdec a2 se muze 
dostat znovu do hry, pres c1. Ale jezdec se vyhne c3, protoze cerny by 
ovsem rad vymenil lehke figury. Po } ( 20. ... b5 21. cxb5 Rxc1+ 22. Nxc1 
axb5 23. a5 += {Bily muze bud podporovat volneho pesce tahem Ra2 nebo 
obsadit c- sloupec Rc2. Navic muze zlepsit pozici jezdce pres pole d3. } )
21. Rcd1 Kf8 22. Nc1 Ke7 23. e3 {Bily ma mirnou vyhodu jelikoz cerny se 
nemuze uvolnit ... d5, al bily ma lepsi lehkou figuru. Cerny strelec nema 
na co cilit po diagonale a1-h8 a po nestastnem .. a5 cerna struktura se 
nemuze zmenit jak na damskem kridle tak i v centru. } 23. ... g6 24. Kg2 
Bc3 25. Rd3 Bb2 26. Ne2 Rc8 27. R1d2 Bg7 28. f4 {Bily kontroluje pozici, 
protoze cerny nema rozumnou protihru. Pokousi se dosahnout vyhodu v 
prostoru na kral. kridle s postupem f2-f4, g3-g4 a mozna g4-g5. } 28. ... 
f5 29. Kf3 h6 30. g4 h5 {Po } ( 30. ... fxg4+ 31. Kxg4 {Ma cerny mirne 
oslabenou pescovou strukturu, pesec g6 je opozdeny na otevrenem sloupci a 
bily jezdec ma vybornou pozici na e4. Ale byl take vyckavaci 30...Rf8, 
ktery stal za uvahu. } ) 31. gxf5 gxf5 D 32. Ng3 {Alternativa by byla} ( 
32. e4 fxe4+ 33. Kxe4 Rc5 34. Kf3 {a potom Ng3-e4 +=} ) 32. ... h4 33. Nf1
{Bily planuje dlouhou cestu pro jezdce, pres d2-b1 a3 na b5. } 33. ... Rf8
34. Rd1 {Ve spojeni s jeho planem prevodu jezdce na b5, ma smysl udrzet 
tlak na sloupci d. } 34. ... Bh6 35. Nd2 Rg8 36. Nb1 Rgd8 37. Nc3 Bg7 38. 
Nb5 Bh8 {Je jasne ze pouze e3-e4 umozni bilemu zvetsit tlak, ale jako 
obvykle Andersson si bere cas nez zacne rozhodujici operace. } ( 38. ... 
d5 39. cxd5 Rxd5 40. Rxd5 Rxd5 41. Rxd5 exd5 42. Kg2 Kd7 ( 42. ... Kf7 43.
 Kh3 Bf6 44. Nc7 +/- ) 43. Kh3 Bf6 44. Nd4 +/- ) 39. R3d2 Bg7 40. Rd3 Bf6 
( {The prophylactic} 40. ... Bf8! {protects pawn d6 indirectly.} ) 41. e4!
{Cas prisel pro tuto pescovou paku, aby mohl rozsirit svou prostorovou 
prevahu. } 41. ... fxe4+ 42. Kxe4 Bg7 43. R1d2 ( 43. h3! {je snad lepsi } 
43. ... Bf6 44. f5 Be5 45. fxe6 Kxe6 46. Rg1 Rf8 ( 46. ... Bg3 47. Nd4+ 
Kf6 48. Rf3+ Kg6 49. Nf5 +/- ) 47. Rg4 Re7 48. Rd5 ( 48. Rxh4 Kd7 -+ ) 
48. ... Rf2 49. Kd3 Rh2 50. Nd4+ {se sancemi na vyhru. } ) 43. ... Bf6 44.
 f5 {Bily obsazuje bila pole, zvlaste d5. Ale priprava toho s 44.h3 take 
zasluhovala pozornost. } 44. ... Be5 45. Rg2 exf5+ 46. Kxf5 Rf8+ 47. Ke4 
Ke6 48. Rg6+ Rf6 49. Rxf6+ Bxf6 50. Rd5 Be5 51. Nd4+ {Vymeny do jasne 
lepsi vezovky, jelikoz b6 a h4 jsou slabi a bila vez je lepe umistena. Ale
cerny stale ma vazne remizove sance. } 51. ... Bxd4 ( 51. ... Kf6 52. h3 
Rg7 ( 52. ... Re7 53. Rb5 Bg3+ 54. Kf3 +/- ) 53. Nf3 Bg3 54. Rf5+ Ke7 55. 
Kd5 +/- ) 52. Kxd4 Rg7 53. Rb5 {Jedna alternativa by byla} ( 53. Rh5 Rg4+ 
54. Ke3 += ) 53. ... Rb7?? {instruktivni chyba ve vezove koncovce! Tento 
tah vezi je prilis pasivni. Zde cerny mel sanci postavit vez aktivne. Tak 
to je casto v pripade vezovych koncovek, je lepsi se nebat o material, ale
vytvorit protihru: } ( {Right is} 53. ... Rg2! 54. Rxb6 Rxh2 ) ( 53. ... 
Rg4+ 54. Ke3 Rg2 55. Rxb6 Rxh2 56. Kf3 += {S dobrymi remizovymi sancemi 
cerneho. J} ( 56. c5 Kd5 57. cxd6 Ke6 {s remizou} ) ) 54. Rh5 Rf7 55. Rxh4
Rf3 56. Re4+ {Cerny asi prehledl tento mezitah ve sve obrane. } 56. ... 
Kd7 57. Re3 Rf4+ 58. Kd5 Rh4 59. h3 Rh5+ 60. Ke4 {Nyni technika vyhry je 
postup vezoveho pesce s pomoci krale a veze. To trva cas, ale v dlouhem 
behu se to nelze zabranit protoze cerny nema protihru. } 60. ... Kc6 61. 
Rd3 Rh4+ 62. Kf5 Rh8 63. Kg5 Rg8+ 64. Kf4 Rf8+ 65. Kg3 Rg8+ 66. Kh2 Re8 {
Cerny je vazan } ( 66. ... Rh8 67. Rd5! Kc7 68. Kg3 Rg8+ 69. Kf4 Rf8+ 70. 
Rf5 +-- ) 67. h4 Re5 68. Kg3 Kd7 69. Kf4 Re1 70. h5 Rh1 71. Rd5 Rh3 72. 
Rb5 Kc6 1-0

[Event "Moscow Interzonal"]
[Site "Moscow RUS"]
[Date "1982.??.??"]
[Round "3"]
[White "Andersson, Ulf"]
[Black "Gheorghiu, Florin"]
[Result "1-0"]
[WhiteElo "2610"]
[BlackElo "2535"]
[EventDate "1982.09.??"]
[PlyCount "81"]
[EventType "tourn"]
[EventRounds "13"]
[EventCountry "URS"]
[EventCategory "12"]
[Source "ChessBase"]
[SourceDate "1999.07.01"]
[WhiteTeamCountry "YUG"]
[BlackTeamCountry "YUG"]

1. c4 c5 2. Nf3 Nf6 3. g3 b6 4. Bg2 Bb7 5. O-O e6 6. Nc3 a6 {Byl to Ulf 
Andersson sam kdo zavedl plan s 6..a6 do praxe. Sved je obecne povazovan 
za velkeho znalce systemu Jezek (Hegehog) jak za bile tak za cerne. V teto
partii musel bojovat proti vlastni myslence. } 7. b3 Be7 8. d4 cxd4 9. 
Qxd4 d6 ( 9. ... O-O 10. Be3!? Bc5 11. Qd3 += ) 10. Ba3 D {Zde muzeme 
videt ideu 7.b3.. S Ba3 a Rd1 bily vyviji tlak na zpozdenho pesce d6. Nyni
klasicke postaveni Jezka s ... Nd7 neni mozne a cerny musi spokojit s c6 
pro sveho jezdce. } 10. ... Nc6 11. Qf4 {Pozice cerneho je jiz ponekud 
nepohodlna. Tak napriklad } 11. ... d5 ( 11. ... O-O 12. Rfd1 Ne8 13. Ne4 
d5 14. cxd5 exd5 15. Bxe7 Nxe7 16. Rac1 {je zrejme nevyhodna pro cerneho. 
Tudiz se pokousi vymenit co nejvice figur v nadeji ziskat remizovou 
koncovku. Tato strategie vsak hraje do noty velkeho umelce koncovek jako 
je Andersson. } ) 12. Bxe7 Nxe7 13. Rfd1 Qb8 14. Qxb8+ Rxb8 15. cxd5 Nfxd5
16. Nxd5 Bxd5 ( {Po } 16. ... Nxd5 {take cerny skonci ve spatne koncovce. 
} 17. Rac1 O-O ( 17. ... Ke7 18. e4 { 19. Rc7+ }) 18. Ne5 Rfc8 ( 18. ... 
Rbc8 19. Nd7 Rxc1 20. Rxc1 Rd8 21. Nxb6 Nxb6 22. Bxb7 +- ) 19. Bxd5! ( 19.
 Nd7?! Rxc1 20. Rxc1 Rc8 21. Rxc8+ Bxc8 22. Bxd5 Bxd7 = ) 19. ... Bxd5 20.
 Nd7 {a bily ziska pesce. } ) 17. Rac1 D {Tento druh koncovky - symetricka
pescova struktura s mirnou prevahou ve vyvinu bileho z duvodu obsazeni 
centralnich sloupcu vezemi c1 a d1 - je specialita Anderssona. } 17. ... 
Rb7 ( {Uvazujme podrobneji pohzici vznikajici po} 17. ... O-O {Obe strany 
rochovaly a lehke figury  jsou vicemene dobre postaveny. Zatimco cerne 
veze jsou pasivne na b8 a f8, jejich bile protejsky srsi energii na 
idealnich pozicich na centralnich sloupcich: } 18. Rc7 Rfe8 ( 18. ... Nf5 
19. Ne5 Bxg2 20. Kxg2 Rbc8 21. Rdd7 f6 22. Nc6 Rxc7 23. Rxc7 Rf7 24. Rc8+ 
Rf8 25. Rxf8+ Kxf8 26. Nb8 +/- {cerny ztraci pesce. } ) ( 18. ... Ng6 19. 
Rdc1 Rbd8 20. Ra7 a5 21. Rcc7 ) 19. Ne5 Bxg2 20. Kxg2 Rbc8 ( 20. ... f6 
21. Rdd7! +/- ) 21. Rdd7 Rxc7 22. Rxc7 f6 23. Nc4 Nd5 ( 23. ... b5 24. Nd6
Rd8 25. Nb7 Re8 26. Nc5 Nd5 27. Ra7 Nc3 28. Nxa6 Nxe2 29. Nc7 Re7 30. Ra8+
Kf7 31. Nxb5 +- ) 24. Ra7 b5 25. Nd6 Rd8 26. Ne4 {zase ziska pesce. } ) 
18. Ne5 Bxg2 19. Kxg2 O-O 20. Rd6! ( {Podivejme se na jinou jemnost: } 20.
 Rd7 Rxd7 21. Nxd7 {mozna vypada jako zisk pesce, ale } 21. ... Rc8 {
vyrovna hru } 22. Rxc8+ ( 22. Rd1 b5 = ) 22. ... Nxc8 {a pesec b6 je 
chranen. } ) 20. ... h6 D {Najdete presny profylakticky tah. } ( 20. ... 
Nf5 21. Rd7! ) 21. e4! {Pripravujice pochod krale na e3 a zbavujice 
cerneho poli d5 a f5. Protihra cerneho neni nikde videt. } 21. ... Re8 22.
 Kf3 Ra8 ( 22. ... Nc8 23. Rdc6 Ne7 24. Rc7 Reb8 25. Nd7 Rxc7 26. Rxc7 Rc8
27. Ra7 +/- ) 23. Ke3 a5 24. Rcd1 b5?! {Nepresny obranny tah. Bily nyni 
ziska pesce f vynucene. Lepsi tah je } ( 24. ... g6 25. Rd7 Raa7 26. Rd8+ 
Kg7 27. Nc4 +/- ) ( {Ale nikoli } 24. ... Rbb8 25. Nd7 +- ) 25. Rd8+ Rxd8 
26. Rxd8+ Kh7 27. Nxf7 Nc6 28. Rc8 Nb4 D {Cerny asi spolehal na toto kdyz 
hral 24...b5, ale Andesrsson to predvidal ze v teto pozici muze dostat 
cerneho krale do uzkych -- Zde jsou velmi dobre moznosti ziskat vyhranou 
pozici pro bileho: Jake? } 29. Rh8+ ( 29. Nd8 Rb6 30. a3 Na6 31. f4 +- ) 
29. ... Kg6 30. Ne5+ Kf6 31. f4! {Bily podporuje silneho jezdce na e5; 
BIla vez a jezdec brilantne spolupracuje. } 31. ... Ke7 ( 31. ... Nxa2?? 
32. Rf8+ Ke7 33. Rf7+ ) 32. Rg8 Kd6 33. Rd8+ Ke7 ( 33. ... Kc7 34. Rd2 {
vede k technicky vyhrane pozici. } ) ( 33. ... Kc5 34. Rc8+ Kb6 ( 34. ... 
Kd6? 35. a3 Na2 36. Rc6+ Ke7 37. Rc2 +-- ) 35. a3 Na6 36. Rc6+ Ka7 37. 
Rxe6 Nc5 38. Nc6+ Ka6 39. Rg6 +- ) 34. Ra8 Nxa2 35. Rxa5 Nc3 36. Kd3 b4 
37. Ra6 Nb5 38. Nc6+ Kd7 ( 38. ... Kf7 39. Nd8+ ) ( 38. ... Kf8 39. Ra8+ 
Kf7 40. Nd8+ ) ( 38. ... Kf6 39. Nxb4 Nc7 40. Nd5+ +- ) ( 38. ... Ke8 39. 
Nxb4 Nc7 40. Ra4 +- ) 39. Nd4 Nxd4 40. Kxd4 Ke7 41. g4 ( 41. g4 Rc7 42. 
Rb6 g5 43. f5 exf5 44. gxf5 Rc3 45. Rxb4 Rh3 46. Ke5 +- ) 1-0